Eastern Utah Libraries Catalog: Duchesne, Heber, Roosevelt, & Vernal

Sacred struggle : (Record no. 391432)

MARC details
000 -LEADER
fixed length control field 02162cam a2200385 i 4500
001 - CONTROL NUMBER
control field on1385522803
003 - CONTROL NUMBER IDENTIFIER
control field OCoLC
005 - DATE AND TIME OF LATEST TRANSACTION
control field 20231218145306.0
008 - FIXED-LENGTH DATA ELEMENTS--GENERAL INFORMATION
fixed length control field 230606t20232023utua b 000 0 eng
010 ## - LIBRARY OF CONGRESS CONTROL NUMBER
LC control number 2023025133
020 ## - INTERNATIONAL STANDARD BOOK NUMBER
International Standard Book Number 9781639931873
Qualifying information (trade paperback)
020 ## - INTERNATIONAL STANDARD BOOK NUMBER
International Standard Book Number 1639931872
035 ## - SYSTEM CONTROL NUMBER
System control number (OCoLC)1385522803
040 ## - CATALOGING SOURCE
Original cataloging agency UPB/DLC
Language of cataloging eng
Description conventions rda
Transcribing agency DLC
Modifying agency OCLCO
-- UBY
042 ## - AUTHENTICATION CODE
Authentication code pcc
050 00 - LIBRARY OF CONGRESS CALL NUMBER
Classification number BX8656
Item number .I57 2023
082 00 - DEWEY DECIMAL CLASSIFICATION NUMBER
Classification number 248.4/89332
Edition number 23/eng/20230624
092 ## - LOCALLY ASSIGNED DEWEY CALL NUMBER (OCLC)
Classification number 248.4
100 1# - MAIN ENTRY--PERSONAL NAME
Personal name Inouye, Melissa Wei-Tsing,
Relator term author.
9 (RLIN) 6478918
245 10 - TITLE STATEMENT
Title Sacred struggle :
Remainder of title seeking Christ on the path of most resistance /
Statement of responsibility, etc Melissa Wei-Tsing Inouye.
264 #1 - Production, Publication, Distribution, Manufacture, and Copyright Notice.
Place of production, publication, distribution, manufacture Salt Lake City :
Name of producer, publisher, distributor, manufacturer Deseret Book,
Date of production, publication, distribution, manufacture, or copyr [2023]
264 #4 - Production, Publication, Distribution, Manufacture, and Copyright Notice.
Date of production, publication, distribution, manufacture, or copyr ©2023
300 ## - PHYSICAL DESCRIPTION
Extent viii, 214 pages :
Other physical details illustration ;
Dimensions 21 cm
336 ## - Content Type
Content type term text
337 ## - Media type
Media type term unmediated
338 ## - Carrier type
Carrier type term volume
504 ## - BIBLIOGRAPHY, ETC. NOTE
Bibliography, etc Includes bibliographical references.
505 0# - FORMATTED CONTENTS NOTE
Formatted contents note God's big plan, our little problems -- The ground beneath our feet : alienation and the roots of discipleship -- Christ and the work of suffering -- Haiku from a rainy day in Auckland : July 2022 -- Human-to-humanness -- Redeeming the dead : a Latter-day Saint historian's approach to humans' problematic pasts -- Covenant conflict : how covenants keep us close despite difficult facts of difference -- The elephants in my room : patriarchy and other pachyderms -- The work of Zion -- The earth is the Lord's, and the fulness thereof : divine biodiversity -- God's sandbox : believing and belonging in a big, broken world -- The third story : global dimensions and the perils of Latter-day Saint life.
520 ## - SUMMARY, ETC.
Summary, etc "Latter-day Saint author Melissa Wei-Tsing Inouye details how struggle is inherent in mortality, and what comfort we can take from the gospel of Jesus Christ"--
583 ## - ACTION NOTE
Action cat
Action identification Ensign College
Time/date of action 20231003
Action agent cjk
Institution to which field applies UPB
583 ## - ACTION NOTE
Action add
Action identification ame,lee
Time/date of action 20231107
Action agent paf
Institution to which field applies UPB
650 #0 - SUBJECT ADDED ENTRY--TOPICAL TERM
Topical term or geographic name as entry element Struggle
General subdivision Religious aspects
-- Church of Jesus Christ of Latter-day Saints.
9 (RLIN) 6478919
650 #0 - SUBJECT ADDED ENTRY--TOPICAL TERM
Topical term or geographic name as entry element Christian life
General subdivision Latter Day Saint authors.
9 (RLIN) 6471535
942 ## - ADDED ENTRY ELEMENTS (KOHA)
Source of classification or shelving scheme Dewey Decimal Classification
Koha item type BOOK
Holdings
Withdrawn status Lost status Source of classification or shelving scheme Damaged status Not for loan Collection code Home library Current library Shelving location Date acquired Source of acquisition Total Checkouts Total Renewals Full call number Barcode Date last seen Date checked out Cost, replacement price Price effective from Koha item type
    Dewey Decimal Classification     General NonFiction Wasatch County Library Wasatch County Library Second Floor 01/08/2025 Amazon 2 3 248.4 Inouye 34301002142448 02/26/2026 03/26/2025 17.99 01/08/2025 BOOK
This project was made possible through a grant from the Institute of Museum and Library Service administered by the Utah State Library Division.

Wasatch County Library

  • 465 East 1200 South, Heber City, Utah 84032
  • Phone 435-654-1511 | Fax 435-654-6456

Hours

  • Monday - Friday 9:30 AM - 8:00 PM
  • Saturday 9:30 AM - 1:30 PM
  • Closed Sundays and Holidays